[Event "MNT-ch (Women)"]
[Site "Pljevlja"]
[Date "2015.07.31"]
[Round "7"]
[White "Misovic, Sanja"]
[Black "Radosevic, Nevena"]
[Result "1/2-1/2"]
[WhiteElo "1840"]
[BlackElo "1517"]
[PlyCount "40"]
[EventDate "2015.07.25"]
[EventType "tourn"]
[EventRounds "7"]
[EventCountry "MNE"]
[SourceTitle "CBM 167 Extra"]
[Source "ChessBase"]
[SourceDate "2015.09.14"]
[SourceVersion "1"]
[SourceVersionDate "2015.09.14"]
[SourceQuality "1"]

1. d4 Nf6 2. c4 e6 3. Nf3 b6 4. g3 Bb7 5. Bg2 Bb4+ 6. Bd2 Bxd2+ 7. Nbxd2 c5 8. 0-0 0-0 9. Nb3 Na6 10. e3 Qc7 11. Qe2 d6 12. a3 Rfe8 13. Rfd1 Rad8 14. Nfd2 Bxg2 15. Kxg2 Nb8 16. Rac1 Nc6 17. Nf3 Qb7 18. Kg1 Re7 19. Qc2 h6 20. Qe2 Rde8 1/2-1/2

[Event "MNT-ch (Women)"]
[Site "Pljevlja"]
[Date "2015.07.29"]
[Round "5"]
[White "Ajanovic, Berina"]
[Black "Misovic, Sanja"]
[Result "0-1"]
[WhiteElo "1336"]
[BlackElo "1840"]
[PlyCount "138"]
[EventDate "2015.07.25"]
[EventType "tourn"]
[EventRounds "7"]
[EventCountry "MNE"]
[SourceTitle "CBM 167 Extra"]
[Source "ChessBase"]
[SourceDate "2015.09.14"]
[SourceVersion "1"]
[SourceVersionDate "2015.09.14"]
[SourceQuality "1"]

1. d4 Nf6 2. c4 e6 3. Nf3 c5 4. g3 cxd4 5. Nxd4 Qb6 6. Bg2 Bc5 7. e3 Nc6 8. Nf3 d5 9. cxd5 Nxd5 10. 0-0 0-0 11. b3 a5 12. Bb2 Bxe3 13. Ne5 Nxe5 14. Bxd5 Rd8 15. Qe2 Bd4 16. Bg2 Bxb2 17. Qxb2 Nd3 18. Qc2 Nb4 19. Qe2 Bd7 20. Nc3 Rac8 21. Na4 Bxa4 22. bxa4 Rc2 23. Qe4 Rxa2 24. Rxa2 Nxa2 25. Rb1 Nb4 26. Qxb7 Qxb7 27. Bxb7 g6 28. Rc1 Nd3 29. Rd1 Rb8 30. Rxd3 Rxb7 31. Rd8+ Kg7 32. Ra8 Rb1+ 33. Kg2 Ra1 34. Rxa5 Ra2 35. Kf3 f5 36. Ra7+ Kf6 37. Rxh7 Rxa4 38. Ke3 e5 39. Rd7 Re4+ 40. Kf3 Re1 41. h4 Re4 42. Rd6+ Kg7 43. Rd7+ Kh6 44. Rd6 Re1 45. Re6 Kh5 46. Re8 e4+ 47. Kf4 Kh6 48. g4 Re2 49. Re6 Rxf2+ 50. Ke3 Rf3+ 51. Ke2 fxg4 52. Rxe4 Kh5 53. Re6 Rh3 54. Kf2 Rxh4 55. Kg2 Rh3 56. Re5+ g5 57. Re8 Ra3 58. Rh8+ Kg6 59. Rg8+ Kf6 60. Rf8+ Kg7 61. Rf5 Kg6 62. Rf2 Kh5 63. Re2 Kh4 64. Kh2 Rf3 65. Kg2 Rf4 66. Re8 g3 67. Re3 Rf2+ 68. Kg1 Kh3 69. Re5 Rd2 0-1

[Event "MNT-ch (Women)"]
[Site "Pljevlja"]
[Date "2015.07.26"]
[Round "2"]
[White "Misovic, Sanja"]
[Black "Delevic, Nina"]
[Result "1/2-1/2"]
[WhiteElo "1840"]
[BlackElo "1777"]
[PlyCount "127"]
[EventDate "2015.07.25"]
[EventType "tourn"]
[EventRounds "7"]
[EventCountry "MNE"]
[SourceTitle "CBM 167 Extra"]
[Source "ChessBase"]
[SourceDate "2015.09.14"]
[SourceVersion "1"]
[SourceVersionDate "2015.09.14"]
[SourceQuality "1"]

1. d4 d5 2. c4 c6 3. Nf3 g6 4. cxd5 cxd5 5. Bf4 Bg7 6. e3 Nf6 7. Nc3 a6 8. Qb3 Nc6 9. Ne5 0-0 10. Rc1 Nh5 11. Nxc6 bxc6 12. Bg3 Nxg3 13. hxg3 e5 14. Ne2 Bd7 15. dxe5 Bxe5 16. Nd4 Qa5+ 17. Rc3 Rfb8 18. Qa3 Qxa3 19. Rxa3 Rxb2 20. Bd3 Bd6 21. Rb3 Rxa2 22. 0-0 Ra7 23. Rb6 Bc7 24. Rbb1 c5 25. Nb3 c4 26. Nc1 Rd2 27. Be2 Bf5 28. Ra1 a5 29. Bf3 Rb7 30. Ne2 Be5 31. Rxa5 Be6 32. Nf4 Bxf4 33. gxf4 c3 34. Rc1 c2 35. Kf1 Rb1 36. Ra1 Rxa1 37. Rxa1 d4 38. Ke1 dxe3 39. fxe3 Rd3 40. Kf2 Bf5 41. Rc1 Rc3 42. Ke2 Bd3+ 43. Kd2 Rb3 44. Bd5 Rb1 45. Ba2 Be4 46. g3 Kg7 47. Bc4 f6 48. Be6 h5 49. Bd7 Kh6 50. Ba4 Rxc1 51. Kxc1 g5 52. Bd7 h4 53. gxh4 gxh4 54. Bh3 Kg6 55. Kd2 Kf7 56. Kc1 Ke7 57. Kd2 Kd6 58. Kc1 Kc5 59. Kd2 Kb4 60. Be6 h3 61. Bxh3 Kb3 62. Kc1 Kc3 63. Bf1 Bd3 64. Bg2 1/2-1/2

[Event "Olympiad Women-41"]
[Site "Tromsoe"]
[Date "2014.08.04"]
[Round "3.4"]
[White "Misovic, Sanja"]
[Black "Odinaeva, Saodat"]
[Result "0-1"]
[WhiteElo "1862"]
[BlackElo "1785"]
[PlyCount "118"]
[EventDate "2014.08.02"]
[EventType "team-swiss"]
[EventRounds "11"]
[EventCountry "NOR"]
[SourceTitle "CBM 162"]
[Source "ChessBase"]
[SourceDate "2014.09.17"]
[SourceVersion "1"]
[SourceVersionDate "2014.09.17"]
[SourceQuality "1"]
[WhiteTeam "Montenegro (W)"]
[BlackTeam "Tajikistan (W)"]
[WhiteTeamCountry "MNE"]
[BlackTeamCountry "TJK"]

1. d4 d5 2. c4 e6 3. Nc3 Nf6 4. Bg5 Be7 5. Nf3 h6 6. Bh4 0-0 7. e3 Nbd7 8. cxd5 exd5 9. Bd3 c5 10. dxc5 Nxc5 11. Be2 Be6 12. 0-0 a6 13. Nd4 Rc8 14. Rc1 Nce4 15. f3 Nxc3 16. Rxc3 Rxc3 17. bxc3 Qc7 18. Qb3 Rc8 19. Rc1 Bd6 20. h3 Nd7 21. Be1 Nc5 22. Qb2 Qe7 23. Bf2 b5 24. Qb1 Na4 25. Nf5 Bxf5 26. Qxf5 Qe6 27. Qd3 Be5 28. f4 Rxc3 29. Rxc3 Bxc3 30. Bf3 d4 31. exd4 Bb4 32. d5 Qd6 33. Qf5 Nb6 34. Bd4 Bc5 35. Bxc5 Qxc5+ 36. Kh2 Qd6 37. Qe5 Qxe5 38. fxe5 Nc4 39. e6 fxe6 40. dxe6 Kf8 41. Kg3 Ke7 42. Bb7 a5 43. Bc8 Nd6 44. Bd7 b4 45. Kf4 g5+ 46. Kg4 Ne4 47. Ba4 Nc5 48. Bc2 Nxe6 49. Kh5 Kf6 50. Kxh6 Nf4 51. Ba4 Nxg2 52. Kh5 Ne3 53. Bd7 Nd5 54. Kg4 Nc3 55. h4 gxh4 56. Kxh4 Nxa2 57. Ba4 Nc3 58. Bb3 a4 59. Bg8 b3 0-1

[Event "Olympiad Women-41"]
[Site "Tromsoe"]
[Date "2014.08.03"]
[Round "2.4"]
[White "Batsiashvili, Nino"]
[Black "Misovic, Sanja"]
[Result "1-0"]
[WhiteElo "2435"]
[BlackElo "1862"]
[PlyCount "81"]
[EventDate "2014.08.02"]
[EventType "team-swiss"]
[EventRounds "11"]
[EventCountry "NOR"]
[SourceTitle "CBM 162"]
[Source "ChessBase"]
[SourceDate "2014.09.17"]
[SourceVersion "1"]
[SourceVersionDate "2014.09.17"]
[SourceQuality "1"]
[WhiteTeam "Georgia (W)"]
[BlackTeam "Montenegro (W)"]
[WhiteTeamCountry "GEO"]
[BlackTeamCountry "MNE"]

1. d4 Nf6 2. c4 e6 3. Nc3 Bb4 4. Qc2 c5 5. dxc5 0-0 6. a3 Bxc5 7. Nf3 a6 8. Bf4 Be7 9. Rd1 d6 10. Bxd6 Bxd6 11. c5 Nd5 12. cxd6 Qa5 13. g3 Bd7 14. Bg2 Rc8 15. Ng5 g6 16. Bxd5 exd5 17. Qd2 d4 18. Qf4 Qf5 19. Qxf5 Bxf5 20. Rxd4 Nc6 21. Rd1 h6 22. Nge4 Rd8 23. 0-0 Kg7 24. f3 Ne5 25. g4 Bxe4 26. Nxe4 Nc4 27. Rd4 b5 28. a4 Nxb2 29. axb5 axb5 30. Rb1 Nc4 31. Rxb5 Ne3 32. Kf2 Nc2 33. Rd2 Na3 34. Rc5 Ra6 35. Ra2 Ra7 36. h4 Nb5 37. Rxa7 Nxa7 38. g5 Nc8 39. Rc6 Na7 40. Rb6 Rd7 41. Nf6 1-0

[Event "MNT-ch 65th"]
[Site "Cetinje"]
[Date "2013.07.28"]
[Round "9"]
[White "Misovic, Sanja"]
[Black "Batricevic, Jovo"]
[Result "1/2-1/2"]
[WhiteElo "1842"]
[BlackElo "2166"]
[PlyCount "38"]
[EventDate "2013.07.20"]
[EventType "swiss"]
[EventRounds "9"]
[EventCountry "MNE"]
[SourceTitle "CBM 155 Extra"]
[Source "ChessBase"]
[SourceDate "2013.08.26"]
[SourceVersion "1"]
[SourceVersionDate "2013.08.26"]
[SourceQuality "1"]

1. d4 d5 2. c4 Nc6 3. Nf3 Bg4 4. Nbd2 Nf6 5. e3 e6 6. Be2 Bd6 7. 0-0 dxc4 8. Nxc4 0-0 9. Nfe5 Bxe5 10. Bxg4 Nxg4 11. Qxg4 Bf6 12. b3 e5 13. Ba3 Re8 14. Nxe5 Nxe5 15. dxe5 Bxe5 16. Rad1 Qf6 17. Rd2 Red8 18. Rfd1 Rxd2 19. Rxd2 Rd8 1/2-1/2

[Event "MNT-ch 65th"]
[Site "Cetinje"]
[Date "2013.07.26"]
[Round "7"]
[White "Misovic, Sanja"]
[Black "Radosevic, Nevena"]
[Result "1-0"]
[WhiteElo "1842"]
[BlackElo "1463"]
[PlyCount "101"]
[EventDate "2013.07.20"]
[EventType "swiss"]
[EventRounds "9"]
[EventCountry "MNE"]
[SourceTitle "CBM 155 Extra"]
[Source "ChessBase"]
[SourceDate "2013.08.26"]
[SourceVersion "1"]
[SourceVersionDate "2013.08.26"]
[SourceQuality "1"]

1. d4 d5 2. c4 c6 3. Nf3 Nf6 4. Nc3 e6 5. Bg5 Nbd7 6. cxd5 exd5 7. e3 Bd6 8. Bd3 0-0 9. Qc2 Qc7 10. 0-0 Re8 11. Rac1 h6 12. Bh4 g5 13. Bg3 Bxg3 14. hxg3 Nf8 15. b4 Qe7 16. b5 Bd7 17. Ne5 Ng4 18. bxc6 bxc6 19. Nxd7 Nxd7 20. Ne2 Nb8 21. Qd2 Qf6 22. Nc3 Nd7 23. Qe2 Qe6 24. Qf3 Ngf6 25. Bf5 Qd6 26. Na4 Rab8 27. Nc5 Nxc5 28. Rxc5 Ne4 29. Bxe4 Rxe4 30. Rfc1 Re6 31. Qe2 Rc8 32. Qa6 Rc7 33. Qa4 f5 34. Ra5 Qd7 35. Qc2 Rf6 36. Qb3 Rb7 37. Qa4 Re6 38. Rac5 Rc7 39. Qb3 Rb7 40. Qc2 Rf6 41. Rxc6 Rxc6 42. Qxc6 Qxc6 43. Rxc6 Rb1+ 44. Kh2 Rb2 45. f3 Rxa2 46. Rxh6 Kg7 47. Rd6 Ra5 48. Kh3 Kf7 49. g4 f4 50. exf4 gxf4 51. g5 1-0

[Event "MNT-ch 65th"]
[Site "Cetinje"]
[Date "2013.07.21"]
[Round "2"]
[White "Lekic, Lazar"]
[Black "Misovic, Sanja"]
[Result "1-0"]
[WhiteElo "2054"]
[BlackElo "1842"]
[PlyCount "45"]
[EventDate "2013.07.20"]
[EventType "swiss"]
[EventRounds "9"]
[EventCountry "MNE"]
[SourceTitle "CBM 155 Extra"]
[Source "ChessBase"]
[SourceDate "2013.08.26"]
[SourceVersion "1"]
[SourceVersionDate "2013.08.26"]
[SourceQuality "1"]

1. e4 c5 2. Nf3 Nc6 3. d4 cxd4 4. Nxd4 g6 5. c4 Nf6 6. Nc3 Nxd4 7. Qxd4 Bg7 8. e5 Ng8 9. Bf4 d6 10. 0-0-0 Qa5 11. Qd5 Qb4 12. Qb5+ Qxb5 13. Nxb5 Bg4 14. f3 Rc8 15. fxg4 dxe5 16. Nxa7 Ra8 17. Nb5 Rc8 18. Be3 Nf6 19. Be2 0-0 20. b3 Ra8 21. Nc3 Rfc8 22. a4 Ne8 23. Nd5 1-0

[Event "MNT-chT (Women)"]
[Site "Podgorica"]
[Date "2011.10.09"]
[Round "3.1"]
[White "Misovic, Sanja"]
[Black "Boric, Elena"]
[Result "0-1"]
[WhiteElo "1855"]
[BlackElo "2313"]
[PlyCount "92"]
[EventDate "2011.10.07"]
[EventType "team-tourn"]
[EventRounds "3"]
[EventCountry "MNE"]
[SourceTitle "EXT 2012"]
[Source "ChessBase"]
[SourceDate "2011.11.24"]
[SourceVersion "1"]
[SourceVersionDate "2011.11.24"]
[SourceQuality "1"]
[WhiteTeam "Oss (W)"]
[BlackTeam "Mladost (W)"]
[WhiteTeamCountry "MNE"]
[BlackTeamCountry "MNE"]

1. d4 f5 2. Bg5 Nf6 3. Bxf6 exf6 4. e3 d5 5. c4 c6 6. Nc3 Be6 7. Qb3 Qd7 8. Rc1 dxc4 9. Bxc4 Bxc4 10. Qxc4 Na6 11. Nge2 Nc7 12. 0-0 Bd6 13. Rfd1 0-0-0 14. b4 Kb8 15. a4 a6 16. Rb1 Rc8 17. Qd3 Rhd8 18. a5 g6 19. Na4 Nd5 20. Nc5 Qe7 21. Qc4 Ka7 22. Nc3 Nxc3 23. Qxc3 h5 24. Qc4 h4 25. d5 cxd5 26. Rxd5 Qc7 27. Rbd1 Bxh2+ 28. Kf1 Rxd5 29. Qxd5 Be5 30. Qd7 Qxd7 31. Rxd7 Rc7 32. Rd3 b6 33. axb6+ Kxb6 34. f4 a5 35. fxe5 fxe5 36. Nb3 axb4 37. Ke2 Kb5 38. Kd2 Ka4 39. Kd1 e4 40. Rd6 Kxb3 41. Rxg6 Kb2 42. Rb6 b3 43. Rb5 Rc1+ 44. Kd2 Rc2+ 45. Kd1 Rxg2 46. Rxf5 h3 0-1

[Event "MNT-chT (Women)"]
[Site "Podgorica"]
[Date "2011.10.07"]
[Round "1.2"]
[White "Misovic, Sanja"]
[Black "Milosevic, Radmila"]
[Result "0-1"]
[WhiteElo "1855"]
[BlackElo "1690"]
[PlyCount "68"]
[EventDate "2011.10.07"]
[EventType "team-tourn"]
[EventRounds "3"]
[EventCountry "MNE"]
[SourceTitle "EXT 2012"]
[Source "ChessBase"]
[SourceDate "2011.11.24"]
[SourceVersion "1"]
[SourceVersionDate "2011.11.24"]
[SourceQuality "1"]
[WhiteTeam "Oss (W)"]
[BlackTeam "Dijagonale (W)"]
[WhiteTeamCountry "MNE"]
[BlackTeamCountry "MNE"]

1. d4 d5 2. c4 dxc4 3. Nf3 Nf6 4. e3 a6 5. Bxc4 e6 6. Nc3 c5 7. 0-0 Be7 8. Qc2 0-0 9. Rd1 Qc7 10. b3 b5 11. Bd3 h6 12. Ne4 Nbd7 13. Nxc5 Nxc5 14. b4 Bb7 15. dxc5 Ng4 16. Be4 Bxe4 17. Qxe4 Nf6 18. Qe5 Rfd8 19. Bb2 Rxd1+ 20. Rxd1 Rd8 21. Rxd8+ Qxd8 22. g3 Bf8 23. Nd4 a5 24. a3 axb4 25. axb4 Nd5 26. Ba3 Qa8 27. Nxb5 Qa4 28. Qb8 Qd1+ 29. Kg2 Qe2 30. Bc1 Qc2 31. Nd4 Qxc1 32. c6 Qc4 33. Nb5 Qxc6 34. Nd4 Nf4+ 0-1

[Event "MNT-ch U20 Girls"]
[Site "Cetinje"]
[Date "2011.06.20"]
[Round "4"]
[White "Bacic, Kristina"]
[Black "Misovic, Sanja"]
[Result "0-1"]
[WhiteElo "1833"]
[BlackElo "1864"]
[PlyCount "116"]
[EventDate "2011.06.17"]
[EventType "tourn"]
[EventRounds "5"]
[EventCountry "MNE"]
[SourceTitle "CBM 142 Extra"]
[Source "ChessBase"]
[SourceDate "2011.06.27"]
[SourceVersion "1"]
[SourceVersionDate "2011.06.27"]
[SourceQuality "1"]

1. e4 c5 2. Nf3 Nc6 3. d4 cxd4 4. Nxd4 g6 5. Nc3 Bg7 6. Be3 Nf6 7. Be2 0-0 8. 0-0 d6 9. f4 Qb6 10. Na4 Qa5 11. Nxc6 bxc6 12. Nc3 Qb4 13. Qd3 Qxb2 14. Rab1 Qa3 15. Nd5 Qxd3 16. Nxe7+ Kh8 17. Bxd3 Ng4 18. Nxc8 Nxe3 19. Rf3 Raxc8 20. Rxe3 Bd4 21. Kf2 Bxe3+ 22. Kxe3 Rfe8 23. Rb7 f5 24. Kf3 fxe4+ 25. Bxe4 d5 26. Bd3 a5 27. g4 c5 28. Bb5 Rb8 29. Bc6 Rxb7 30. Bxb7 d4 31. Be4 c4 32. h4 d3 33. cxd3 c3 34. Ke2 Rb8 35. Kd1 Rb2 36. a4 Kg7 37. f5 gxf5 38. Bxf5 Ra2 39. h5 h6 40. Kc1 Kf6 41. Kb1 Rh2 42. Kc1 Ke5 43. Kb1 Rxh5 44. gxh5 Kxf5 45. Kc2 Kg5 46. d4 Kxh5 47. Kxc3 Kg6 48. d5 Kf6 49. Kd4 Ke7 50. Kc5 h5 51. Kb5 h4 52. Kxa5 h3 53. Kb6 h2 54. a5 h1Q 55. a6 Qxd5 56. Ka7 Kd7 57. Kb8 Qb5+ 58. Ka8 Kc7 0-1

[Event "MNT-ch (Women)"]
[Site "Podgorica"]
[Date "2011.05.27"]
[Round "9"]
[White "Bubanja, Milica"]
[Black "Misovic, Sanja"]
[Result "0-1"]
[WhiteElo "1731"]
[BlackElo "1857"]
[PlyCount "60"]
[EventDate "2011.05.21"]
[EventType "tourn"]
[EventRounds "9"]
[EventCountry "MNE"]
[SourceTitle "CBM 142 Extra"]
[Source "ChessBase"]
[SourceDate "2011.06.27"]
[SourceVersion "1"]
[SourceVersionDate "2011.06.27"]
[SourceQuality "1"]

1. d4 Nf6 2. c4 e6 3. Nc3 Bb4 4. Qc2 c5 5. dxc5 0-0 6. a3 Bxc5 7. Nf3 Nc6 8. b4 Be7 9. e4 d6 10. Bd3 b6 11. 0-0 Bb7 12. Bb2 Rc8 13. Rac1 Nb8 14. e5 dxe5 15. Nxe5 Nc6 16. Nxc6 Bxc6 17. Rfd1 Qc7 18. Ne4 Ng4 19. Ng3 f5 20. Qe2 Bg5 21. Rc2 Rce8 22. h3 Ne3 23. fxe3 Qxg3 24. Re1 f4 25. Qf2 Qxf2+ 26. Rxf2 Bh4 27. Rfe2 Bxe1 28. Rxe1 f3 29. Rd1 fxg2 30. Re1 Rf3 0-1

[Event "MNT-ch (Women)"]
[Site "Podgorica"]
[Date "2011.05.26"]
[Round "8"]
[White "Misovic, Sanja"]
[Black "Milovic, Aleksandra"]
[Result "1/2-1/2"]
[WhiteElo "1857"]
[BlackElo "2172"]
[PlyCount "132"]
[EventDate "2011.05.21"]
[EventType "tourn"]
[EventRounds "9"]
[EventCountry "MNE"]
[SourceTitle "CBM 142 Extra"]
[Source "ChessBase"]
[SourceDate "2011.06.27"]
[SourceVersion "1"]
[SourceVersionDate "2011.06.27"]
[SourceQuality "1"]

1. d4 d5 2. c4 e6 3. Nc3 Be7 4. Nf3 Nf6 5. Bg5 0-0 6. e3 Nbd7 7. Rc1 c6 8. Bd3 Re8 9. 0-0 Nf8 10. Qc2 Ng6 11. Rfd1 dxc4 12. Bxc4 h6 13. Bxf6 Bxf6 14. d5 exd5 15. Nxd5 cxd5 16. Bxd5 Qa5 17. b4 Qb5 18. a4 Qxb4 19. Qxg6 Be6 20. Bxe6 Rxe6 21. Qc2 Rc6 22. Qa2 Rac8 23. Rb1 Qe7 24. Qb3 b6 25. h3 Rc3 26. Qb5 R8c5 27. Qb4 R3c4 28. Qb3 Qe8 29. a5 Rc3 30. Qb4 Rxa5 31. Nd4 Bxd4 32. exd4 Rc2 33. d5 Qd7 34. Qe4 Rcc5 35. d6 Re5 36. Qa8+ Re8 37. Qf3 Re6 38. Qa8+ Kh7 39. Qb8 Re8 40. Qc7 Qxc7 41. dxc7 Rc8 42. Rd7 Rc5 43. Rxf7 R5xc7 44. Rxc7 Rxc7 45. f4 Kg6 46. g4 h5 47. Kf2 h4 48. Rb3 Rc6 49. Ke3 Kf6 50. Kd4 Ke6 51. Rb5 a5 52. f5+ Kd7 53. g5 a4 54. Rb4 Rc5 55. Rxa4 Rxf5 56. Ra7+ Ke6 57. Rxg7 Rf4+ 58. Ke3 Rb4 59. Kf3 Kf5 60. Rg8 Rb3+ 61. Kg2 Rg3+ 62. Kh2 Rxg5 63. Rh8 Ke4 64. Rxh4+ Kd3 65. Rh8 b5 66. h4 Rg7 1/2-1/2

[Event "Olympiad Women-39"]
[Site "Khanty-Mansiysk"]
[Date "2010.10.01"]
[Round "10.18"]
[White "Maisuradze, Nino"]
[Black "Misovic, Sanja"]
[Result "1-0"]
[WhiteElo "2273"]
[BlackElo "1861"]
[PlyCount "71"]
[EventDate "2010.09.21"]
[EventType "team-swiss"]
[EventRounds "11"]
[EventCountry "RUS"]
[SourceTitle "CBM 139"]
[Source "ChessBase"]
[SourceDate "2010.11.18"]
[SourceVersion "1"]
[SourceVersionDate "2010.11.18"]
[SourceQuality "1"]
[WhiteTeam "France (W)"]
[BlackTeam "Montenegro (W)"]
[WhiteTeamCountry "FRA"]
[BlackTeamCountry "MNE"]

1. g3 b5 2. Bg2 Nc6 3. d4 e6 4. e4 Bb7 5. Ne2 g6 6. 0-0 Bg7 7. f4 Nge7 8. d5 exd5 9. exd5 Na5 10. a4 c6 11. d6 Qb6+ 12. Rf2 Nf5 13. axb5 cxb5 14. Qe1 Nc4 15. Bxb7 Qxb7 16. g4 Nfxd6 17. Ng3+ Kf8 18. c3 Re8 19. Re2 Rxe2 20. Qxe2 f6 21. b3 Nb6 22. Ba3 Nbc8 23. Ne4 Kf7 24. Bxd6 Re8 25. Nbd2 Qb6+ 26. Qf2 Qxf2+ 27. Kxf2 f5 28. gxf5 gxf5 29. Ng5+ Kg6 30. Bb4 d5 31. Ra6+ Kh5 32. Ndf3 h6 33. Ne6 Bh8 34. Nc7 Re4 35. Bf8 Kg4 36. h3+ 1-0

[Event "Olympiad Women-39"]
[Site "Khanty-Mansiysk"]
[Date "2010.09.30"]
[Round "9.23"]
[White "Misovic, Sanja"]
[Black "Kagramanov, Dalia"]
[Result "1-0"]
[WhiteElo "1861"]
[BlackElo "1866"]
[PlyCount "111"]
[EventDate "2010.09.21"]
[EventType "team-swiss"]
[EventRounds "11"]
[EventCountry "RUS"]
[SourceTitle "CBM 139"]
[Source "ChessBase"]
[SourceDate "2010.11.18"]
[SourceVersion "1"]
[SourceVersionDate "2010.11.18"]
[SourceQuality "1"]
[WhiteTeam "Montenegro (W)"]
[BlackTeam "Canada (W)"]
[WhiteTeamCountry "MNE"]
[BlackTeamCountry "CAN"]

1. d4 Nf6 2. c4 g6 3. Nc3 Bg7 4. e4 d6 5. f3 0-0 6. Be3 Na6 7. Qd2 e5 8. Nge2 Nd7 9. 0-0-0 exd4 10. Nxd4 Nac5 11. Bh6 a6 12. h4 Ne6 13. Bxg7 Kxg7 14. h5 g5 15. Nd5 Nxd4 16. Qxd4+ f6 17. g3 Ne5 18. f4 Nf7 19. h6+ Nxh6 20. fxg5 Ng4 21. Be2 c5 22. gxf6+ Nxf6 23. Qc3 Kg8 24. Qe3 Ng4 25. Bxg4 Bxg4 26. Qh6 Qd7 27. Nb6 Qg7 28. Rxd6 Qxh6+ 29. Rdxh6 Rad8 30. Rxh7 Rd1+ 31. Rxd1 Kxh7 32. Re1 Re8 33. e5 Kg6 34. Na4 Rc8 35. e6 Kf6 36. e7 Bh5 37. g4 Be8 38. Nb6 Rc6 39. Nd5+ Kg5 40. Rf1 Bg6 41. Rf5+ Kxg4 42. Rf6 Rxf6 43. Nxf6+ Kf5 44. e8Q Bxe8 45. Nxe8 Ke5 46. Kd2 Ke6 47. a4 Kd7 48. Nf6+ Kc6 49. a5 b6 50. axb6 Kxb6 51. Kc2 Kc6 52. Kb3 Kc7 53. Ka4 Kb6 54. Nd5+ Kc6 55. Ka5 Kb7 56. Nf6 1-0

[Event "Wch U20 Girls 28th"]
[Site "Chotowa"]
[Date "2010.08.07"]
[Round "5"]
[White "Misovic, Sanja"]
[Black "Ferreira, Susana Carolina G"]
[Result "1-0"]
[WhiteElo "1907"]
[BlackElo "1726"]
[PlyCount "55"]
[EventDate "2010.08.03"]
[EventType "swiss"]
[EventRounds "13"]
[EventCountry "POL"]
[SourceTitle "CBM 137 Extra"]
[Source "ChessBase"]
[SourceDate "2010.09.01"]
[SourceVersion "1"]
[SourceVersionDate "2010.09.01"]
[SourceQuality "1"]

1. d4 d5 2. c4 e6 3. Nc3 Nf6 4. Bg5 Be7 5. e3 0-0 6. Nf3 Nbd7 7. cxd5 exd5 8. Bd3 Re8 9. Qc2 Nf8 10. h3 h6 11. Bh4 b6 12. 0-0-0 Be6 13. Kb1 N8d7 14. g4 c5 15. g5 hxg5 16. Bxg5 Qc8 17. Rdg1 c4 18. Bf5 Nf8 19. Bxe6 Qxe6 20. Ne5 Bd6 21. Bxf6 Qxf6 22. Nxd5 Qd8 23. Nxf7 Kxf7 24. Qf5+ Kg8 25. Nf6+ Kf7 26. Rxg7+ Kxg7 27. Rg1+ Kf7 28. Nd5+ 1-0

[Event "MNT-chT (Women)"]
[Site "Cetinje"]
[Date "2010.07.24"]
[Round "1"]
[White "Misovic, Sanja"]
[Black "Vujacic, Branka"]
[Result "1-0"]
[WhiteElo "1907"]
[BlackElo "1894"]
[PlyCount "51"]
[EventDate "2010.07.24"]
[EventType "team-tourn"]
[EventRounds "3"]
[EventCountry "MNE"]
[SourceTitle "CBM 137 Extra"]
[Source "ChessBase"]
[SourceDate "2010.09.01"]
[SourceVersion "1"]
[SourceVersionDate "2010.09.01"]
[SourceQuality "1"]

1. d4 d5 2. c4 c6 3. Nf3 Nf6 4. Nc3 dxc4 5. a4 a5 6. e3 Bf5 7. Bxc4 e6 8. 0-0 Bd6 9. h3 Qc7 10. Qe2 Ne4 11. Nh4 Bg6 12. Nxg6 Nxc3 13. bxc3 hxg6 14. Ba3 Nd7 15. Rfb1 Rb8 16. e4 e5 17. d5 cxd5 18. Bxd5 Bxa3 19. Rxa3 0-0 20. c4 Nc5 21. h4 Qe7 22. Rh3 Nxa4 23. Qg4 Qf6 24. Rf3 Qd6 25. h5 Nb6 26. Rxb6 1-0

[Event "MNT-ch (Women)"]
[Site "Cetinje"]
[Date "2010.07.07"]
[Round "6"]
[White "Misovic, Sanja"]
[Black "Rapport, Jovana"]
[Result "0-1"]
[WhiteElo "1907"]
[BlackElo "2302"]
[PlyCount "86"]
[EventDate "2010.07.02"]
[EventType "tourn"]
[EventRounds "7"]
[EventCountry "MNE"]
[SourceTitle "CBM 137 Extra"]
[Source "ChessBase"]
[SourceDate "2010.09.01"]
[SourceVersion "1"]
[SourceVersionDate "2010.09.01"]
[SourceQuality "1"]

1. d4 Nf6 2. c4 d6 3. Nc3 Nbd7 4. Nf3 e5 5. e4 g6 6. Be2 Bg7 7. Be3 0-0 8. 0-0 Re8 9. d5 Nh5 10. Ne1 Nf4 11. b4 Nxe2+ 12. Qxe2 a5 13. Rb1 axb4 14. Rxb4 f5 15. f3 f4 16. Bf2 b6 17. Nd3 g5 18. Ra1 Qf6 19. Nb5 Qd8 20. a4 Nf6 21. Nc1 Kh8 22. Nb3 g4 23. Kf1 gxf3 24. gxf3 Rg8 25. Ke1 Ne8 26. Kd2 Bf6 27. Rg1 Rxg1 28. Bxg1 Bh3 29. Bf2 Qd7 30. Nc1 Qg7 31. Nd3 Qg2 32. Be1 Qh1 33. Bf2 Qxh2 34. Nc3 Bd7 35. Qd1 Bh4 36. Ke2 Nf6 37. Qg1 Qxg1 38. Bxg1 Nh5 39. Bf2 Ng3+ 40. Kd2 h5 41. Nxf4 exf4 42. Bd4+ Kh7 43. e5 Nf5 0-1

[Event "EU-chT (Women) 08th"]
[Site "Novi Sad"]
[Date "2009.10.28"]
[Round "7"]
[White "Stojkovska, Monika"]
[Black "Misovic, Sanja"]
[Result "1/2-1/2"]
[WhiteElo "1902"]
[BlackElo "1921"]
[PlyCount "150"]
[EventDate "2009.10.22"]
[EventType "team-swiss"]
[EventRounds "9"]
[EventCountry "YUG"]
[SourceTitle "EXT 2010"]
[Source "ChessBase"]
[SourceDate "2010.11.25"]
[SourceVersion "1"]
[SourceVersionDate "2010.11.25"]
[SourceQuality "1"]
[WhiteTeam "Macedonia (W)"]
[BlackTeam "Montenegro (W)"]
[WhiteTeamCountry "MKD"]
[BlackTeamCountry "MNE"]

1. e4 c5 2. Nf3 e6 3. d4 cxd4 4. Nxd4 Nc6 5. Nc3 Qc7 6. Nb3 a6 7. Bd3 Nf6 8. 0-0 b5 9. f4 d6 10. Qf3 Bb7 11. Bd2 Be7 12. Rae1 b4 13. Na4 0-0 14. Qh3 h6 15. c3 a5 16. Rc1 Qd8 17. Be3 Nd7 18. Nd2 Ba6 19. Bf2 Bxd3 20. Qxd3 Nc5 21. Nxc5 dxc5 22. Qxd8 Rfxd8 23. Nf3 Rab8 24. b3 bxc3 25. Rxc3 Nb4 26. a3 Na6 27. Be3 Rdc8 28. Nd2 Rb7 29. Nc4 Rb5 30. Rd1 Rcb8 31. Rd7 Bd8 32. Nd6 R5b6 33. Nxf7 Rxb3 34. Rxd8+ Rxd8 35. Rxb3 Kxf7 36. Rb6 Nb8 37. Bxc5 Rd1+ 38. Kf2 Nd7 39. Rb7 Ke8 40. Rb5 Nxc5 41. Rxc5 Rd2+ 42. Kf1 Rd4 43. Rxa5 Rxe4 44. g3 Kf7 45. Kf2 Rc4 46. Kf3 Rc2 47. h3 Rc3+ 48. Kg4 Kf6 49. a4 Ra3 50. Ra6 Kf7 51. Ra8 Kg6 52. a5 Kf6 53. a6 Kg6 54. a7 Kh7 55. Re8 Rxa7 56. Rxe6 Ra3 57. f5 Ra4+ 58. Kh5 Ra3 59. Kh4 Ra4+ 60. g4 Ra3 61. Rg6 Rf3 62. Rc6 Re3 63. Rc2 Rf3 64. Rc7 Kg8 65. Kh5 Kh7 66. h4 Rf4 67. Rc5 Rf1 68. g5 Rxf5 69. Rxf5 g6+ 70. Kg4 gxf5+ 71. Kxf5 hxg5 72. hxg5 Kg7 73. Kg4 Kg6 74. Kf4 Kg7 75. Kf5 Kf7 1/2-1/2